=LDR 00000nam 2200000 4500 =001 INLIS000000000044153 =005 20131008105106 =008 ***********************************ind** =035 ##$$a0010-101300000002075 =041 ##$$a ind =082 ##$$a 345.087 =090 ##$$a 345.087, Pen p =100 ##$$a Ima Susilowati =245 ##$$a Pengertian Konvensi Hak Anak, Ima Susilowati =260 ##$$a 20. $b Jakarta =300 ##$$a vi, 130 hlm., ilus., 21 cm =650 ##$$a Anak Aspek Hukum =700 ##$$a M. Farid =850 ##$$a NBPNMAT =990 ##$$a 0001/BPAP-NTB/20142014